Most Streamed Alternative Artists On Spotify - Statistics

General Stats
  • This quiz has been taken 39 times
  • The average score is 4 of 16
Answer Stats
# Artist Streams % Correct
1 Billie Eilish 40.2B
63%
4 Lana Del Rey 26.8B
49%
2 Coldplay 34.5B
40%
3 Imagine Dragons 32.2B
40%
5 Twenty One Pilots 17.1B
40%
8 Radiohead 9.7B
31%
9 Gorillaz 9.6B
20%
11 Lorde 8.1B
20%
6 The Neighbourhood 13.4B
20%
10 Melanie Martinez 9.2B
14%
7 Panic! At The Disco 11.4B
14%
12 Rosalía 8.1B
11%
13 The 1975 8.0B
9%
14 Cigarettes After Sex 7.3B
6%
15 Florence + The Machines 6.7B
6%
16 Mac DeMarco 6.3B
6%
No matching quizzes found
Score Distribution
Percent of People with Each Score
Percentile by Number Answered
Your Score History
You have not taken this quiz